1599 1029 1243 1227 1352 1883 1580 1444 1422 1383 1817 1321 1272 1878 1618 1970 1766 1549 1877 1706 1484 1190 1794 1947 1585 1681 1819 1554 1658 1086 1492 1493 1053 1265 1819 1158 1559 1366 1982 1569 1641 1968 1251 1552 1954 1186 1694 1703 1721 1678 1940 1842 1183 1852 1519 1731 1671 1621 1219 1833 1812 1618 1697 1252 1289 1957 1766 1727 1004 1113 1000 1685 1542 1594 1478 1935 1444 1795 1874 1558 1978 1391 1312 1692 1698 1841 1649 1369 1831 1953 1389 1598 1440 1974 1439 1477 1045 1159 1987 BCNSPRNW ULIB Ver.6.0+V

เปลี่ยนเป็นภาษาไทย

Change to English
 แสดงรายละเอียดบรรณานุกรม
  กลับหน้าหลัก

Brief Record : Get Marc (ISO 2709) : E-mail record : QR code < ปิดหน้าต่าง
LEADER : 00000nam 2200000uu 4500
001    13399124797
003     ULIB
008    160324s2014||||th 000 0 eng d
020    ^a9781451190311
060 04 ^aWY86^bM142t
100 1  ^aMcEwen, Melanie,^eauthor
245 00 ^aTheoretical basis for nursing /^cMelanie McEwen, Evelyn M.Wills
250    ^a4th ed.
260    ^aPhiladelphia :^bLippincott Williams & Wilkins,^cc2014
300    ^axvi, 574 p. ;^c26 cm.
504    ^aIncludes bibliographical references and indexes
650  0 ^aNursing^xPhilosophy
650  0 ^aNursing
650  2 ^aNursing Theory
700 1  ^aWills, Evelyn M.
945    ^p1880^l0^i000346
999    ^aเกษร โพธิ์สุวรรณ
รายการนี้ยังไม่มีแท็ก
คุณยังไม่ได้ล็อกอิน คุณสามารถมีกิจกรรมร่วมกับเว็บไซต์ได้ แต่ต้องล็อกอินก่อน ::
  ล็อกอิน

รายการสื่อสารสนเทศ

ลำดับที่ ประเภท เลขเรียก/บาร์โค้ด สถานที่ สถานะ
1. Book การพยาบาล
Book การพยาบาล
WY86 M142t ฉ.1 
  Barcode: 000346
ห้องสมุดวิทยาเขตสวรรค์ประชารักษ์
►หนังสือทั่วไป
บนชั้น

รายการใกล้เคียง
    หัวเรื่อง [Nursing]
    หัวเรื่อง [Nursing Theory]

BibComment


ยังไม่เคยถูกคอมเมนท์

คอมเมนท์ทรัพยากรรายการนี้
  คอมเมนท์: Theoretical basi..


 Copyright 2026. Bcnsprnw @Library